[Event "4NCL Division 3"]
[Site "Daventry Court ENG"]
[Date "2015.05.02"]
[Round "9.31"]
[White "Cresswell, Mike J"]
[Black "Balouka-Myers, Reuben"]
[Result "1-0"]
[WhiteElo "1760"]
[BlackElo "1667"]
[PlyCount "73"]
[EventDate "2015.05.02"]
[WhiteTeam "BCM Hippos [3]"]
[BlackTeam "Barnet Knights 2"]

1. e4 e6 2. d4 d5 3. Nc3 dxe4 4. Nxe4 Be7 5. Nf3 Nf6 6. Nxf6+ Bxf6 7. c3 O-O 8.
Be2 b6 9. O-O Bb7 10. h3 Nd7 11. Be3 Qe7 12. Nh2 c5 13. Ng4 Bg5 14. Bf3 Bxf3
15. Qxf3 cxd4 16. Bxd4 Nc5 17. b3 Rad8 18. Rad1 Rd5 19. Be3 Bxe3 20. Nxe3 Rd6
21. Nc4 Rd7 22. Rxd7 Qxd7 23. Rd1 Qc7 24. Qe3 Rd8 25. Rd4 Rxd4 26. Qxd4 Qd7 27.
Qxd7 Nxd7 28. f3 Nc5 29. Ne5 f6 30. Nc6 a6 31. Nb8 Kf7 32. b4 Na4 33. c4 Nb2
34. c5 bxc5 35. bxc5 Nd3 36. c6 Nb4 37. c7 1-0

[Event "4NCL Division 3"]
[Site "Daventry Court ENG"]
[Date "2015.05.02"]
[Round "9.32"]
[White "Lewis, Tim"]
[Black "Grey, Nicholas D"]
[Result "1-0"]
[WhiteElo "1600"]
[BlackElo "1746"]
[PlyCount "31"]
[EventDate "2015.05.02"]
[WhiteTeam "Barnet Knights 2"]
[BlackTeam "BCM Hippos [3]"]

1. e4 c5 2. Nc3 Nc6 3. Bb5 g6 4. Bxc6 dxc6 5. f4 Nf6 6. Nf3 Bg7 7. d3 O-O 8.
O-O Bg4 9. h3 Bd7 10. Qe1 Qc8 11. Qh4 b5 12. f5 Re8 13. fxg6 fxg6 14. Bh6 Rf8
15. Ng5 Qc7 16. Bxg7 1-0

[Event "4NCL Division 3"]
[Site "Daventry Court ENG"]
[Date "2015.05.02"]
[Round "9.33"]
[White "Cooke, Charlie"]
[Black "Willmoth, Harrison"]
[Result "1-0"]
[WhiteElo "1755"]
[BlackElo "1592"]
[PlyCount "79"]
[EventDate "2015.05.02"]
[WhiteTeam "BCM Hippos [3]"]
[BlackTeam "Barnet Knights 2"]

1. d4 d6 2. c4 e5 3. Nc3 exd4 4. Qxd4 Nf6 5. Nf3 Nc6 6. Qd1 Be6 7. b3 d5 8.
cxd5 Nxd5 9. Bd2 Be7 10. g3 Bf6 11. Rc1 Nxc3 12. Bxc3 Qxd1+ 13. Kxd1 O-O-O+ 14.
Kc2 Bxc3 15. Kxc3 Rd5 16. Bg2 Rc5+ 17. Kb2 Rxc1 18. Rxc1 Rd8 19. Ng5 Rd2+ 20.
Rc2 Rxc2+ 21. Kxc2 Bf5+ 22. Kc3 Bg6 23. Bxc6 bxc6 24. Kd4 Kd7 25. Kc5 a5 26.
Nf3 Be4 27. Ne5+ Ke8 28. Nxc6 Bb1 29. a3 Ba2 30. Nxa5 Kd7 31. b4 Bb1 32. Nc4 f6
33. b5 Be4 34. a4 Kc8 35. a5 Kb7 36. a6+ Ka7 37. Na5 g5 38. Nc6+ Ka8 39. Ne7 h5
40. Nd5 1-0

[Event "4NCL Division 3"]
[Site "Daventry Court ENG"]
[Date "2015.05.02"]
[Round "9.34"]
[White "Karia, Devin"]
[Black "Mallon, Gunnar"]
[Result "1-0"]
[WhiteElo "1540"]
[BlackElo "1702"]
[PlyCount "43"]
[EventDate "2015.05.02"]
[WhiteTeam "Barnet Knights 2"]
[BlackTeam "BCM Hippos [3]"]

1. d4 e6 2. Nf3 d5 3. Bf4 Bd6 4. Bg3 f5 5. e3 Nf6 6. c4 c6 7. Nc3 O-O 8. c5 Bc7
9. Bd3 Ne4 10. Bxc7 Qxc7 11. O-O Nd7 12. Ne2 e5 13. Rc1 Kh8 14. b4 Rg8 15. Bxe4
fxe4 16. Ng5 Nf6 17. dxe5 Ng4 18. Nf4 Qe7 19. h4 Nxe5 20. Qd4 Bf5 21. Qxe5 Qxe5
22. Nf7# 1-0

[Event "4NCL Division 3"]
[Site "Daventry Court ENG"]
[Date "2015.05.02"]
[Round "9.39"]
[White "Misyura, Ilya"]
[Black "Ogunshola, Ben"]
[Result "1/2-1/2"]
[WhiteElo "1930"]
[BlackElo "2153"]
[PlyCount "62"]
[EventDate "2015.05.02"]
[WhiteTeam "Midland Monarchs 2"]
[BlackTeam "The Pitstop"]

1. d4 Nf6 2. c4 g6 3. Nc3 Bg7 4. e4 d6 5. Nf3 Na6 6. Be2 O-O 7. O-O e5 8. a3
exd4 9. Nxd4 c6 10. f3 Re8 11. Be3 d5 12. cxd5 cxd5 13. Bxa6 bxa6 14. e5 Rxe5
15. Nc6 Qe8 16. Nxe5 Qxe5 17. Re1 Qd6 18. Qd2 Be6 19. Rac1 Qd7 20. Ne2 Qb7 21.
Nd4 Bd7 22. Bf4 Ne8 23. Kh1 Bf8 24. Re3 Nd6 25. Rb3 Bb5 26. Bxd6 Bxd6 27. a4
Qe7 28. axb5 Qh4 29. g3 Bxg3 30. Rg1 Bf4 31. Rg4 Qxg4 1/2-1/2

[Event "4NCL Division 3"]
[Site "Daventry Court ENG"]
[Date "2015.05.02"]
[Round "9.40"]
[White "Froom, Oliver"]
[Black "Mirza, Diana"]
[Result "1/2-1/2"]
[WhiteElo "1967"]
[BlackElo "1832"]
[PlyCount "52"]
[EventDate "2015.05.02"]
[WhiteTeam "The Pitstop"]
[BlackTeam "Midland Monarchs 2"]

1. e4 c5 2. Nc3 e6 3. g3 Nc6 4. Bg2 g6 5. d3 Bg7 6. Be3 d6 7. Qd2 Nd4 8. Nd1 e5
9. c3 Ne6 10. Nh3 Ne7 11. O-O O-O 12. Bh6 f5 13. Bxg7 Kxg7 14. f4 Rb8 15. Ne3
b5 16. Nd5 Bb7 17. Rae1 Nc6 18. Kh1 a5 19. Ng1 b4 20. Nf3 exf4 21. exf5 Nc7 22.
Nxf4 Rxf5 23. d4 Kg8 24. Qe3 Qe8 25. dxc5 dxc5 26. Qxe8+ Rxe8 1/2-1/2

[Event "4NCL Division 3"]
[Site "Daventry Court ENG"]
[Date "2015.05.02"]
[Round "9.41"]
[White "Jayawarna, Nugith"]
[Black "Fernando, Manel"]
[Result "1-0"]
[WhiteElo "1870"]
[BlackElo "1627"]
[PlyCount "73"]
[EventDate "2015.05.02"]
[WhiteTeam "Midland Monarchs 2"]
[BlackTeam "The Pitstop"]

1. c4 c5 2. Nc3 d6 3. g3 Nf6 4. Bg2 Nc6 5. d3 e6 6. e4 Be7 7. Nge2 O-O 8. O-O
Nd4 9. Nxd4 cxd4 10. Ne2 e5 11. h3 Ne8 12. f4 f5 13. exf5 Bxf5 14. g4 Bc8 15.
Rb1 Rb8 16. a4 Nf6 17. b4 b6 18. Ng3 Bb7 19. g5 Nd7 20. Qg4 Bxg2 21. Kxg2 Rf7
22. f5 Kh8 23. g6 Nf6 24. Qh4 Kg8 25. gxf7+ Kxf7 26. Ne4 Nxe4 27. Qxe4 Qd7 28.
Qd5+ Kf8 29. b5 Rc8 30. Ba3 Rd8 31. Qe6 Qe8 32. Rf3 Qh5 33. Bc1 Bg5 34. f6 Bxf6
35. Rxf6+ gxf6 36. Qxf6+ Ke8 37. Qe6+ 1-0

[Event "4NCL Division 3"]
[Site "Daventry Court ENG"]
[Date "2015.05.02"]
[Round "9.42"]
[White "Sloan, Hamish"]
[Black "Mirza, Gabriel"]
[Result "0-1"]
[WhiteElo "1552"]
[BlackElo "1772"]
[PlyCount "62"]
[EventDate "2015.05.02"]
[WhiteTeam "The Pitstop"]
[BlackTeam "Midland Monarchs 2"]

1. e4 g6 2. d4 d6 3. Be3 Nf6 4. Nf3 Nxe4 5. Nbd2 Nf6 6. Nb3 Bg7 7. c3 b6 8. Be2
Bb7 9. h3 Nbd7 10. Qd2 Ne4 11. Qc2 O-O 12. O-O-O a5 13. Nbd2 Nef6 14. Rhg1 a4
15. a3 c6 16. g4 Nd5 17. Bg5 f6 18. Bh4 b5 19. Bg3 Bh6 20. Kb1 Nf4 21. Bf1 Rf7
22. Qe4 e5 23. Nh4 Nb6 24. Ndf3 c5 25. Qe1 exd4 26. cxd4 c4 27. Qd2 Be4+ 28.
Ka1 Nbd5 29. Ne1 Qf8 30. f3 Nxh3 31. Qxh6 Qxh6 0-1

[Event "4NCL Division 3"]
[Site "Daventry Court ENG"]
[Date "2015.05.02"]
[Round "9.43"]
[White "Davidson, Laura J"]
[Black "Faizi, Tariq"]
[Result "1-0"]
[WhiteElo "1622"]
[BlackElo "1435"]
[PlyCount "63"]
[EventDate "2015.05.02"]
[WhiteTeam "Midland Monarchs 2"]
[BlackTeam "The Pitstop"]

1. e4 c5 2. Nc3 d6 3. f4 Nc6 4. Nf3 e6 5. Bc4 Be7 6. O-O a6 7. a4 Nf6 8. d3 O-O
9. Qe1 Nd4 10. Qd2 Qc7 11. Nxd4 cxd4 12. Ne2 e5 13. Bb3 Bd7 14. f5 b5 15. a5
Bc6 16. Ng3 d5 17. Qe2 dxe4 18. Nxe4 Nxe4 19. dxe4 Qb7 20. Qg4 Bxe4 21. f6 Bg6
22. fxe7 Qxe7 23. Bd5 Rac8 24. b3 Rxc2 25. Ba3 Qd8 26. Bxf8 Qxd5 27. Ba3 f5 28.
Qf3 e4 29. Qg3 d3 30. Qb8+ Kf7 31. Qf8+ Ke6 32. Qe7# 1-0

[Event "4NCL Division 3"]
[Site "Daventry Court ENG"]
[Date "2015.05.02"]
[Round "9.49"]
[White "Pattinson, John"]
[Black "Jamieson, Ian M"]
[Result "1/2-1/2"]
[WhiteElo "1898"]
[BlackElo "1949"]
[PlyCount "98"]
[EventDate "2015.05.02"]
[WhiteTeam "e2e4.org.uk 5"]
[BlackTeam "Cheddleton 3"]

1. c4 b6 2. Nc3 Bb7 3. e4 e6 4. d3 c5 5. Nf3 Nc6 6. g3 d6 7. Bg2 Nf6 8. a3 Be7
9. O-O O-O 10. Rb1 a5 11. Re1 e5 12. Nd5 Nxd5 13. exd5 Nb8 14. Bd2 Bc8 15. b4
axb4 16. axb4 Bf5 17. Bc3 Ra3 18. Qd2 Nd7 19. b5 Qc7 20. Ra1 Rfa8 21. Rxa3 Rxa3
22. Ra1 Qa7 23. Rxa3 Qxa3 24. Bf1 h6 25. Qc2 Bh7 26. Nd2 f5 27. Bh3 Bf6 28. Nb1
Qa7 29. f3 Nf8 30. Bg2 Qf7 31. Nd2 Bg5 32. Nf1 Qg6 33. Kf2 Nd7 34. Bd2 Bxd2 35.
Qxd2 Qe8 36. Qe2 Nf6 37. Nd2 Kf8 38. Ke1 g5 39. g4 f4 40. Ne4 Bxe4 41. dxe4 Qa8
42. Bf1 Kg7 43. Kf2 Qa3 44. Kg2 Ng8 45. h3 Ne7 46. Qd3 Qa1 47. Qe2 Ng6 48. Kh2
Nh8 49. Kg2 Nf7 1/2-1/2

[Event "4NCL Division 3"]
[Site "Daventry Court ENG"]
[Date "2015.05.02"]
[Round "9.50"]
[White "Armstrong, William G"]
[Black "Levens, David G"]
[Result "1-0"]
[WhiteElo "1854"]
[BlackElo "1855"]
[PlyCount "78"]
[EventDate "2015.05.02"]
[WhiteTeam "Cheddleton 3"]
[BlackTeam "e2e4.org.uk 5"]

1. d4 Nf6 2. Nf3 g6 3. g3 Bg7 4. Bg2 O-O 5. O-O d5 6. Nbd2 Bf5 7. c3 c5 8. dxc5
Nc6 9. Nd4 Bd7 10. a3 a6 11. Re1 e5 12. Nxc6 Bxc6 13. Qc2 Qe7 14. b4 a5 15. e4
Nxe4 16. Nxe4 dxe4 17. a4 f5 18. b5 Bd5 19. Ba3 Qe6 20. Rab1 Rfd8 21. Bf1 e3
22. Rxe3 Be4 23. Bd3 Bh6 24. Rxe4 fxe4 25. Bxe4 Rd2 26. Qb3 Qxb3 27. Rxb3 Rb8
28. c4 Bf8 29. Bd5+ Kg7 30. Rf3 Rd1+ 31. Kg2 Kh8 32. Bxb7 Bxc5 33. Bxc5 Rxb7
34. Rc3 Kg7 35. Be3 Rb1 36. c5 Rb4 37. c6 Rb8 38. Ba7 Rc8 39. b6 Ra8 1-0

[Event "4NCL Division 3"]
[Site "Daventry Court ENG"]
[Date "2015.05.02"]
[Round "9.51"]
[White "Atara, Omeet J"]
[Black "Taylor, Robert"]
[Result "1/2-1/2"]
[WhiteElo "1772"]
[BlackElo "1817"]
[PlyCount "47"]
[EventDate "2015.05.02"]
[WhiteTeam "e2e4.org.uk 5"]
[BlackTeam "Cheddleton 3"]

1. c4 Nf6 2. Nf3 e6 3. Nc3 Be7 4. g3 Nc6 5. Bg2 d6 6. O-O O-O 7. e4 e5 8. d3
Bg4 9. Be3 Qd7 10. a3 a5 11. Rb1 h6 12. Qc2 b6 13. Ne1 Bh3 14. f4 Bxg2 15. Kxg2
Ng4 16. Qc1 h5 17. h3 Nxe3+ 18. Qxe3 exf4 19. Qxf4 Bf6 20. Nd5 Be5 21. Qg5 g6
22. Nf3 Bg7 23. Rf2 Rae8 24. Rbf1 1/2-1/2

[Event "4NCL Division 3"]
[Site "Daventry Court ENG"]
[Date "2015.05.02"]
[Round "9.52"]
[White "Boswell, Jacob C"]
[Black "Homolka, Vincent O"]
[Result "1/2-1/2"]
[WhiteElo "1757"]
[BlackElo "1812"]
[PlyCount "53"]
[EventDate "2015.05.02"]
[WhiteTeam "Cheddleton 3"]
[BlackTeam "e2e4.org.uk 5"]

1. e4 d5 2. exd5 Qxd5 3. d4 e5 4. Nf3 Nc6 5. Nc3 Bb4 6. Bd2 Bxc3 7. Bxc3 e4 8.
Ne5 Nxe5 9. dxe5 Ne7 10. e6 Bxe6 11. Bxg7 Rg8 12. Bf6 Qxd1+ 13. Rxd1 Rg6 14.
Be5 Nd5 15. a3 O-O-O 16. g3 Bg4 17. Be2 Bxe2 18. Kxe2 Re6 19. Bd4 c5 20. Bxc5
Rc6 21. c4 Rxc5 22. cxd5 Rcxd5 23. Rxd5 Rxd5 24. Rc1+ Kd7 25. Rc4 f5 26. g4
fxg4 27. Rxe4 1/2-1/2

[Event "4NCL Division 3"]
[Site "Daventry Court ENG"]
[Date "2015.05.02"]
[Round "9.53"]
[White "Turvey, Steven S"]
[Black "Emmerton, Stephen J"]
[Result "1/2-1/2"]
[WhiteElo "1801"]
[BlackElo "1645"]
[PlyCount "36"]
[EventDate "2015.05.02"]
[WhiteTeam "e2e4.org.uk 5"]
[BlackTeam "Cheddleton 3"]

1. e4 e6 2. d4 d5 3. e5 c5 4. c3 Nc6 5. Nf3 Bd7 6. Bd3 cxd4 7. cxd4 Be7 8. O-O
Qb6 9. Bc2 Rc8 10. a3 f6 11. Nc3 a6 12. Rb1 Qc7 13. Re1 fxe5 14. dxe5 Bc5 15.
Be3 Bxe3 16. Rxe3 Nge7 17. Re2 O-O 18. Qd3 g6 1/2-1/2

[Event "4NCL Division 3"]
[Site "Daventry Court ENG"]
[Date "2015.05.02"]
[Round "9.54"]
[White "Boswell, Michael A"]
[Black "Homer, Neil S"]
[Result "0-1"]
[WhiteElo "992"]
[BlackElo "1761"]
[PlyCount "70"]
[EventDate "2015.05.02"]
[WhiteTeam "Cheddleton 3"]
[BlackTeam "e2e4.org.uk 5"]

1. g3 d5 2. Bg2 c5 3. e3 Nf6 4. Ne2 Bf5 5. O-O e6 6. b3 Nbd7 7. d3 Bd6 8. Bb2
O-O 9. Re1 Bc7 10. Bc3 Rc8 11. a3 b5 12. Bd2 Bg6 13. Nbc3 a6 14. Qc1 Nb6 15.
Nd1 Be5 16. Nb2 Re8 17. Bc3 Bxc3 18. Nxc3 c4 19. d4 cxb3 20. cxb3 Ne4 21. Nbd1
Nxc3 22. Nxc3 Re7 23. Qd2 Rec7 24. Rac1 Qf6 25. Ne2 Qe7 26. Qa5 Rxc1 27. Nxc1
Qb7 28. Nd3 Bxd3 29. Qd2 Bg6 30. Rc1 Rxc1+ 31. Qxc1 Qc8 32. Qxc8+ Nxc8 33. b4
Nb6 34. Bf1 Bc2 35. Be2 Nc4 0-1

[Event "4NCL Division 3"]
[Site "Daventry Court ENG"]
[Date "2015.05.02"]
[Round "9.59"]
[White "Hung, Dylan"]
[Black "Higgs, Anthony RJ"]
[Result "0-1"]
[WhiteElo "1450"]
[BlackElo "1969"]
[PlyCount "52"]
[EventDate "2015.05.02"]
[WhiteTeam "Barnet Knights 3"]
[BlackTeam "Sussex Martlets 2"]

1. c4 c5 2. g3 g6 3. Bg2 Bg7 4. Nc3 Nc6 5. d3 d6 6. e4 e6 7. Be3 Nge7 8. Qd2
Nd4 9. Nge2 Nec6 10. O-O-O h5 11. f4 Qa5 12. h3 Bd7 13. Bxd4 Nxd4 14. Nxd4 Bxd4
15. Kb1 Bg7 16. f5 O-O-O 17. fxg6 fxg6 18. Ne2 Qb6 19. Rdf1 Rhf8 20. Rf3 Rxf3
21. Bxf3 Rf8 22. Rf1 g5 23. Nc3 Be5 24. Kc2 g4 25. hxg4 hxg4 26. Qh6 Rxf3 0-1

[Event "4NCL Division 3"]
[Site "Daventry Court ENG"]
[Date "2015.05.02"]
[Round "9.60"]
[White "Graham, William M"]
[Black "Klingher, Cameron"]
[Result "1-0"]
[WhiteElo "1845"]
[BlackElo "1442"]
[PlyCount "119"]
[EventDate "2015.05.02"]
[WhiteTeam "Sussex Martlets 2"]
[BlackTeam "Barnet Knights 3"]

1. e4 e6 2. d3 d5 3. Nd2 Bd6 4. g3 Nc6 5. Bg2 Nf6 6. Ngf3 e5 7. O-O O-O 8. Re1
h6 9. c3 Be6 10. Nf1 Bc5 11. exd5 Nxd5 12. Nxe5 Nxe5 13. Rxe5 Qf6 14. d4 Rfe8
15. Bxd5 Bd6 16. Bxe6 Bxe5 17. Bxf7+ Qxf7 18. dxe5 Rxe5 19. Bf4 Re6 20. Qb3 Rf8
21. Nd2 g5 22. Be3 c6 23. Rf1 a6 24. Qc4 b5 25. Qb3 Kh7 26. Nf3 g4 27. Nd4 Rf6
28. Qxf7+ R8xf7 29. Kg2 c5 30. Nb3 c4 31. Nd4 h5 32. Bf4 h4 33. h3 hxg3 34.
Bxg3 gxh3+ 35. Kxh3 Rh6+ 36. Kg2 Rf8 37. f4 Rb8 38. f5 Rf6 39. Bxb8 Rf8 40. Bg3
Rf6 41. Kf3 Kg8 42. Kf4 Kf7 43. Re1 b4 44. Re6 bxc3 45. bxc3 a5 46. Bh4 Rxe6
47. fxe6+ Ke8 48. e7 a4 49. Nb5 a3 50. Nxa3 Kd7 51. Nxc4 Ke8 52. a4 Kd7 53. a5
Ke8 54. a6 Kd7 55. a7 Ke8 56. a8=Q+ Kf7 57. Qf8+ Kg6 58. Qf6+ Kh7 59. e8=N Kg8
60. Qg7# 1-0

[Event "4NCL Division 3"]
[Site "Daventry Court ENG"]
[Date "2015.05.02"]
[Round "9.61"]
[White "Lewis, Jeremy"]
[Black "Woods, Timothy J"]
[Result "0-1"]
[WhiteElo "1375"]
[BlackElo "1719"]
[PlyCount "32"]
[EventDate "2015.05.02"]
[WhiteTeam "Barnet Knights 3"]
[BlackTeam "Sussex Martlets 2"]

1. e4 d6 2. Nf3 g6 3. d4 Nf6 4. Nc3 Bg7 5. h3 O-O 6. Bc4 Nxe4 7. Nxe4 d5 8. Bd3
dxe4 9. Bxe4 c5 10. c3 cxd4 11. Nxd4 Nd7 12. Be3 a6 13. f4 e5 14. Nf3 exf4 15.
Bxf4 Qe7 16. Qe2 Re8 {Scoresheet illegible from here on.} 0-1

[Event "4NCL Division 3"]
[Site "Daventry Court ENG"]
[Date "2015.05.02"]
[Round "9.62"]
[White "Howell, Oliver W"]
[Black "Morris, Brian"]
[Result "1-0"]
[WhiteElo "1660"]
[BlackElo "1300"]
[PlyCount "115"]
[EventDate "2015.05.02"]
[WhiteTeam "Sussex Martlets 2"]
[BlackTeam "Barnet Knights 3"]

1. Nf3 d5 2. c4 Nf6 3. g3 Bg4 4. Bg2 e6 5. O-O Nbd7 6. d3 Bd6 7. Nc3 c6 8. Bd2
O-O 9. a3 Qc7 10. b4 b6 11. b5 c5 12. Re1 Rfe8 13. Qc2 Rac8 14. Nh4 Qb7 15. e4
dxe4 16. Nxe4 Nxe4 17. Rxe4 Nf6 18. Rxg4 Qe7 19. Bg5 Be5 20. Re1 Bd4 21. Nf5
Qd8 22. Nxd4 cxd4 23. Bxf6 Qxf6 24. Rf4 Qd8 25. Qd2 e5 26. Rfe4 Qd6 27. Qb4 Rc5
28. f4 f6 29. R4e2 h6 30. Bd5+ Kh7 31. fxe5 fxe5 32. Rf1 Qc7 33. Rf7 Qd8 34.
Rxa7 Qf6 35. Rf7 Qg5 36. Qd2 Qh5 37. Qe1 Rxd5 38. cxd5 Qxf7 39. Rxe5 Rxe5 40.
Qxe5 Qf8 41. d6 Qc8 42. Qe4+ Kg8 43. Qc6 Qd8 44. d7 Kh7 45. Qe4+ g6 46. Qe8 Qc7
47. Qe7+ Kg8 48. d8=Q+ Qxd8 49. Qxd8+ Kh7 50. Qxb6 h5 51. Qxd4 g5 52. Qd6 h4
53. b6 hxg3 54. hxg3 g4 55. b7 Kg8 56. b8=Q+ Kh7 57. Qa7+ Kg8 58. Qdb8# 1-0

[Event "4NCL Division 3"]
[Site "Daventry Court ENG"]
[Date "2015.05.02"]
[Round "9.63"]
[White "Balouka-Myers, Toby"]
[Black "Willson, Gary"]
[Result "0-1"]
[WhiteElo "1367"]
[BlackElo "1637"]
[PlyCount "76"]
[EventDate "2015.05.02"]
[WhiteTeam "Barnet Knights 3"]
[BlackTeam "Sussex Martlets 2"]

1. c4 f5 2. Nc3 Nf6 3. g3 g6 4. Bg2 Bg7 5. e3 O-O 6. Nge2 e5 7. O-O c6 8. d4 e4
9. Qb3 Kh8 10. a3 d6 11. Rd1 Qc7 12. Bd2 Be6 13. Rac1 Bf7 14. d5 Nbd7 15. Nd4
Nc5 16. Qa2 Rfe8 17. b4 Nd3 18. Rc2 a6 19. Bf1 Ne5 20. b5 c5 21. Nb3 Nf3+ 22.
Kg2 Ng4 23. Be2 Ngxh2 24. Bxf3 Nxf3 25. Ne2 Nxd2 26. Rcxd2 axb5 27. cxb5 Ra4
28. Nc3 Bxc3 29. Rc2 Be5 30. Nd4 Bxd4 31. exd4 c4 32. b6 Qc8 33. Kg1 Bxd5 34.
Rc3 Qc6 35. Rb1 Rea8 36. Rb2 R8a6 37. Kf1 Rxb6 38. Rxb6 Qxb6 0-1

[Event "4NCL Division 3"]
[Site "Daventry Court ENG"]
[Date "2015.05.02"]
[Round "9.64"]
[White "Dean, Michael J"]
[Black "Balouka-Myers, Raphael"]
[Result "1-0"]
[WhiteElo "1551"]
[BlackElo "1300"]
[PlyCount "133"]
[EventDate "2015.05.02"]
[WhiteTeam "Sussex Martlets 2"]
[BlackTeam "Barnet Knights 3"]

1. e4 e6 2. Nf3 d5 3. exd5 exd5 4. d4 Nf6 5. Bb5+ Nc6 6. O-O Be7 7. Ne5 Bd7 8.
Nxd7 Qxd7 9. Nd2 O-O 10. Nf3 Rfe8 11. Bf4 Ne4 12. Ne5 Qe6 13. f3 Ng5 14. Qd2 f6
15. Nxc6 bxc6 16. Bd3 Qf7 17. Bxg5 fxg5 18. Qf2 Qf8 19. Qg3 Bd6 20. Qh3 h6 21.
Rae1 c5 22. c3 cxd4 23. cxd4 Rxe1 24. Rxe1 Bb4 25. Rc1 Qe8 26. Kf2 Qe7 27. Qf5
Re8 28. Qxd5+ Kh8 29. Qe4 Qxe4 30. Bxe4 Rd8 31. Rxc7 Ba5 32. Rxa7 Bb6 33. Rb7
Bxd4+ 34. Ke2 Re8 35. a3 Rc8 36. Kd3 Bf6 37. Ra7 Bxb2 38. a4 Bf6 39. Ra8 Rxa8
40. Bxa8 Bd8 41. Bd5 Kh7 42. Kc4 Kh8 43. Kb5 Kh7 44. a5 Bxa5 45. Kxa5 Kg6 46.
Kb5 Kf5 47. g3 g4 48. f4 g5 49. fxg5 hxg5 50. Kc4 Ke5 51. Bb7 Kf5 52. Kd4 Kf6
53. Bc8 Kg6 54. Bxg4 Kf6 55. Bd7 Kg6 56. g4 Kf6 57. h3 Kg6 58. Ke5 Kf7 59. Kf5
Ke7 60. Ba4 Kf7 61. Kxg5 Kg7 62. h4 Kh7 63. h5 Kg7 64. h6+ Kh7 65. Bc2+ Kg8 66.
Kf6 Kh8 67. g5 {67... Kh7, an illegal move, was played. Game concluded: 68.
g6+ Kh8 69. g7+ Kh7 70. g8=Q+ Kxh6 71. Qg6#} 1-0

[Event "4NCL Division 3n"]
[Site "Redworth Hall ENG"]
[Date "2014.11.15"]
[Round "1.55"]
[White "Henderson, David"]
[Black "Hackner, Oskar A"]
[Result "0-1"]
[WhiteElo "2073"]
[BlackElo "2109"]
[PlyCount "142"]
[EventDate "2014.11.15"]
[WhiteTeam "North East England 2"]
[BlackTeam "Bradford DCA Knights A"]

1. e4 e6 2. d4 d5 3. e5 c5 4. c3 Qb6 5. Nf3 Nc6 6. Be2 cxd4 7. cxd4 Nh6 8. Nc3
Nf5 9. Na4 Qa5+ 10. Bd2 Bb4 11. Bc3 b5 12. a3 Bxc3+ 13. Nxc3 b4 14. axb4 Qxb4
15. Bb5 Bd7 16. Bxc6 Bxc6 17. Qd2 Bb5 18. Nxb5 Qxb5 19. Ra5 Qb6 20. O-O O-O 21.
Rfa1 Rfb8 22. g4 Ne7 23. h4 Nc6 24. Rc5 Rb7 25. Rac1 Ne7 26. R1c2 Qd8 27. Qc1
h6 28. h5 Kh7 29. R2c3 Rab8 30. b3 g6 31. hxg6+ Nxg6 32. Rc7 Kg7 33. Rxb7 Rxb7
34. Qe3 Nh4 35. Qf4 Nxf3+ 36. Rxf3 Qg5 37. Qxg5+ hxg5 38. Rc3 Rb4 39. Rd3 f6
40. exf6+ Kxf6 41. Kf1 e5 42. Rf3+ Ke6 43. Rf5 Rxd4 44. Rxg5 Rb4 45. Rg6+ Ke7
46. Ra6 Rxg4 47. Rxa7+ Kd6 48. Rb7 Kc5 49. Rc7+ Kb6 50. Rc8 Re4 51. Rc3 Kb5 52.
f3 d4 53. Rd3 Rh4 54. Kg2 Kc5 55. Kg3 Rh1 56. Kf2 Rh2+ 57. Ke1 Rc2 58. Kd1 Rb2
59. Kc1 Rf2 60. Kd1 Kd5 61. Ke1 Rh2 62. Kd1 Rh4 63. Kc2 Ke6 64. b4 Kd5 65. b5
Kc4 66. b6 Rh6 67. Ra3 Rxb6 68. Ra5 Rb5 69. Rxb5 Kxb5 70. Kd3 Kc5 71. Ke4 Kc4
0-1

[Event "4NCL Division 3n"]
[Site "Redworth Hall ENG"]
[Date "2014.11.15"]
[Round "1.56"]
[White "Lang, Adam R"]
[Black "Reynolds, Mark A"]
[Result "1/2-1/2"]
[WhiteElo "2138"]
[BlackElo "1959"]
[PlyCount "120"]
[EventDate "2014.11.15"]
[WhiteTeam "Bradford DCA Knights A"]
[BlackTeam "North East England 2"]

1. e4 e6 2. d3 d5 3. Nd2 Nf6 4. Ngf3 Nc6 5. c3 dxe4 6. dxe4 e5 7. Bc4 Bd6 8.
O-O O-O 9. Qe2 a6 10. a4 Qe7 11. Rd1 Be6 12. Nf1 Na5 13. Bxe6 Qxe6 14. N3d2 h6
15. Ne3 Rfe8 16. Nf5 Bf8 17. b4 Nb3 18. Nxb3 Qxb3 19. Ra3 Qe6 20. c4 Red8 21.
Rf1 Kh7 22. Rh3 Ng8 23. f4 Rd7 24. fxe5 Rad8 25. Bg5 Re8 26. Bf4 Bxb4 27. g4
Bf8 28. g5 g6 29. Qg4 Qxc4 30. Nxh6 Bc5+ 31. Be3 Bxe3+ 32. Rxe3 Qc5 33. Qxd7
Qxe3+ 34. Kg2 Qxg5+ 35. Ng4 Re7 36. Rxf7+ Kh8 37. Rxe7 Qxe7 38. Qd5 b6 39. e6
Qd6 40. Qc4 b5 41. axb5 axb5 42. Qb3 Qf4 43. Nf2 Qe5 44. Qd5 Qxd5 45. exd5 Ne7
46. Kf3 Nxd5 47. Ke4 Ne7 48. Nd3 Kg7 49. Ke5 g5 50. h3 Kg6 51. Nb4 Kg7 52. Na6
c6 53. Kd6 Kf8 54. Kd7 Ng6 55. Kd8 Kg7 56. e7 Nxe7 57. Kxe7 Kg6 58. Ke6 Kh5 59.
Kf6 Kh4 60. Kg6 Kxh3 1/2-1/2

[Event "4NCL Division 3n"]
[Site "Redworth Hall ENG"]
[Date "2014.11.15"]
[Round "1.57"]
[White "Robson, Paul E"]
[Black "Jennings, Roger"]
[Result "1-0"]
[WhiteElo "1883"]
[BlackElo "2159"]
[PlyCount "31"]
[EventDate "2014.11.15"]
[WhiteTeam "North East England 2"]
[BlackTeam "Bradford DCA Knights A"]

1. e4 g6 2. f4 Bg7 3. Nf3 d6 4. Bc4 Nf6 5. e5 Nh5 6. d4 O-O 7. O-O Nc6 8. c3
Bg4 9. h3 Bd7 10. Qe1 Bh6 11. g4 Nxf4 12. Qh4 Nxh3+ 13. Qxh3 Bxc1 14. Rxc1 dxe5
15. Qh6 Nxd4 16. Ng5 1-0

[Event "4NCL Division 3n"]
[Site "Redworth Hall ENG"]
[Date "2014.11.15"]
[Round "1.58"]
[White "Drabble, Andrew"]
[Black "Dalton, Joseph"]
[Result "0-1"]
[WhiteElo "2076"]
[BlackElo "1747"]
[PlyCount "114"]
[EventDate "2014.11.15"]
[WhiteTeam "Bradford DCA Knights A"]
[BlackTeam "North East England 2"]

1. d4 g6 2. Nf3 Bg7 3. e4 c5 4. c3 cxd4 5. Nxd4 Nc6 6. Nf3 Nf6 7. Nbd2 O-O 8.
Bc4 d5 9. exd5 Nxd5 10. O-O Nb6 11. Be2 Bf5 12. Nc4 Nxc4 13. Qxd8 Rfxd8 14.
Bxc4 Bg4 15. Bf4 Bxf3 16. gxf3 Rac8 17. Rfd1 Nd4 18. cxd4 Rxc4 19. Be3 b6 20.
Rd3 Rc2 21. Rb1 Rc7 22. Rbd1 Rcd7 23. b3 Rd5 24. f4 f6 25. Rc1 e5 26. fxe5 fxe5
27. Bg5 Re8 28. Be3 exd4 29. Bd2 Rc5 30. Rxc5 bxc5 31. Kf1 Re4 32. f3 Rh4 33.
Kg2 Be5 34. h3 Bf4 35. Bxf4 Rxf4 36. Kg3 g5 37. Rd2 Kf7 38. Rc2 Rf5 39. Kg4 Kf6
40. Rd2 a5 41. a3 h5+ 42. Kg3 Rd5 43. f4 Ke6 44. Re2+ Kf5 45. fxg5 Kxg5 46. Kf3
Kf5 47. Rd2 Ke6 48. Rd3 Rf5+ 49. Ke2 Kd5 50. Rg3 Ke4 51. Rg8 d3+ 52. Ke1 Kd4
53. Kd2 Rf2+ 54. Ke1 Re2+ 55. Kd1 Rh2 56. Rg3 Kc3 57. Ke1 Kc2 0-1

[Event "4NCL Division 3n"]
[Site "Redworth Hall ENG"]
[Date "2014.11.15"]
[Round "1.59"]
[White "Gazis, George"]
[Black "Somerset, William"]
[Result "1-0"]
[WhiteElo "1729"]
[BlackElo "2041"]
[PlyCount "49"]
[EventDate "2014.11.15"]
[WhiteTeam "North East England 2"]
[BlackTeam "Bradford DCA Knights A"]

1. e4 c5 2. Nf3 Nc6 3. c3 d5 4. exd5 Qxd5 5. d4 cxd4 6. cxd4 Bg4 7. Be2 e6 8.
O-O Nf6 9. Nc3 Qa5 10. Qb3 Qb4 11. Rd1 Qxb3 12. axb3 Be7 13. d5 Nxd5 14. Nxd5
exd5 15. Rxd5 a6 16. Be3 Be6 17. Rd3 Nb4 18. Rd2 Bxb3 19. Nd4 Bd5 20. Nf5 Bf8
21. Bb5+ Bc6 22. Re1 f6 23. Bc4 Nd5 24. Bxd5 O-O-O 25. Be6+ 1-0

[Event "4NCL Division 3n"]
[Site "Redworth Hall ENG"]
[Date "2014.11.15"]
[Round "1.60"]
[White "Gardiner, Eric"]
[Black "Wilson, Kevin J"]
[Result "1-0"]
[WhiteElo "1993"]
[BlackElo "1707"]
[PlyCount "45"]
[EventDate "2014.11.15"]
[WhiteTeam "Bradford DCA Knights A"]
[BlackTeam "North East England 2"]

1. d4 Nf6 2. Bg5 e6 3. e4 h6 4. Bxf6 Qxf6 5. Nc3 Bb4 6. Qd3 b6 7. e5 Qe7 8.
Nge2 Bb7 9. f4 d5 10. O-O-O Ba6 11. Qg3 g5 12. h4 gxf4 13. Nxf4 Bxc3 14. Qxc3
c5 15. Nh5 Bxf1 16. Nf6+ Kd8 17. Rhxf1 Nd7 18. Qg3 Qf8 19. Nxd7 Kxd7 20. dxc5
bxc5 21. c4 d4 22. Qf3 Rh7 23. Qb7+ 1-0